000
00424nam a2200133Ia 4500
008
100328s9999 xx 000 0 und d
082
_b
72631
100
_a
मुजावर बशीर.
245
_a
नो मॅन्स लँड (No Mans Land)
260
_b
पायल.
630
_a
नो मॅन्स लँड (No Mans Land)
730
_a
नो मॅन्स लँड (No Mans Land)
942
_c
BOOK
999
_c
558352
_d
558349